| 000 | 00719nam a22002411c 4500 | ||
|---|---|---|---|
| 001 | a00528 | ||
| 003 | RU-10907106 | ||
| 005 | 20220914150918.0 | ||
| 008 | 051003s1999 gw |||| 000u eng d | ||
| 040 |
_cRU-10907106 _aRU-10907106 _bger |
||
| 041 | _aeng | ||
| 100 | 1 |
_aFitzpatrick, Sheila _913756 |
|
| 245 | 0 | 0 |
_aEveryday Stalinism : _bOrdinary Life in Extraordinary Times ; Soviet Russia in the 1930s. |
| 264 |
_aOxford, _c1999 |
||
| 300 | _a288 S. Br. | ||
| 650 | 0 |
_aAlltag _9602 |
|
| 650 | 0 | _aStalinismus | |
| 650 | 0 |
_aTerror _95537 |
|
| 650 | 0 |
_aMentalität _910940 |
|
| 776 | 0 | 8 |
_iErscheint auch als _nE-Book Ausgabe _tEveryday Stalinism _wa987681536 |
| 942 |
_cMG _2z |
||
| 999 |
_c19721 _d19721 |
||
| 530 | _aAuch als E-Book vorhanden | ||